Chilenos de raza

Wedi'i Gadw mewn:
Manylion Llyfryddiaeth
Prif Awdur: Mouat, Francisco (autor)
Fformat: Llyfr
Iaith:Sbaeneg
Cyhoeddwyd: Santiago Lolita Editores 2011
Rhifyn:4a. ed
Pynciau:
Tagiau: Ychwanegu Tag
Dim Tagiau, Byddwch y cyntaf i dagio'r cofnod hwn!

MARC

LEADER 00000cam a2200000 a 4500
001 UCG9971
003 CL-VaPUC
008 120420e20111100CL |||||||||||||||||spa|d
020 |a 9789568970109 
082 0 4 |a Ch868  |b MOU  |2 21 
100 |a Mouat, Francisco  |e autor  |9 561757 
245 1 0 |a Chilenos de raza 
250 |a 4a. ed 
300 |a 268 p 
942 |c BK 
945 |d 20120420 00:00:00  |a dcastane 
260 |a Santiago  |b Lolita Editores  |c 2011 
650 0 |a Crónicas chilenas  |9 321511 
650 0 |a Biografías  |9 255210 
650 0 |a Personajes chilenos  |9 468058 
583 |a last modification  |c 20120420 11:58:00  |k Rodrigo Vera 
999 |c 347496  |d 347494 
952 |0 0  |1 0  |4 0  |6 CH_868_000000000000000_MOU_2011  |7 0  |8 A  |9 448889  |a BIBCUR  |b BIBCUR  |d 2019-11-22  |i 4834364  |l 4  |o Ch868 MOU 2011  |p 4834364  |r 2025-04-22  |s 2024-08-08  |w 2019-11-22  |y BK  |k PER